| 000 | 00331nam a2200133Ia 4500 | ||
|---|---|---|---|
| 005 | 20260326100038.0 | ||
| 008 | 260326s9999||||xx |||||||||||||| ||und|| | ||
| 100 | _aNikolajevich, George | ||
| 245 | 0 |
_aGeorge Nikolajevich / _cGeorge Nikolajevich |
|
| 260 | _bBalcony Press | ||
| 300 | _a61 p. | ||
| 650 | _aARQUITECTOS | ||
| 942 | _cBK | ||
| 999 |
_c6904 _d6904 |
||